00834 a2200157 4500003000500000005001700005040000900022082001400031100001700045245016700062260002500229300001000254505036100264600001600625650003500641Nust20221024134452.0 cNust a621.3,GEN aKemp, Philip aGeneral electrical engineeringba comprehensive introduction for students, apprentices, and all connected with the electrical engineering industry / cPhilip Kemp aOdhamsbLondonc1947 a448:p aElectricity Explained (Page-4) Simple Apparatus and Measurements (Page-41), Generation of Power (Page-81), Translation Work(Page-111), Installation Work (Page-164), Electrical Motors (Page-216), Utilization of Electricity (Page-253), Application of Electricity (Page-309), Telegraphy and Telephony (Page-353), Radio Communication and Television (Page-367). aPhilip kemp aGeneral electrical engineering